Handbook of laser wavelengths(EBOOK) (Record no. 192017)
[ view plain ]
| 000 -LEADER | |
|---|---|
| fixed length control field | 00797 a2200181 4500 |
| 003 - CONTROL NUMBER IDENTIFIER | |
| control field | Nust |
| 005 - DATE AND TIME OF LATEST TRANSACTION | |
| control field | 20170207154028.0 |
| 020 ## - INTERNATIONAL STANDARD BOOK NUMBER | |
| International Standard Book Number | 0-8493-3508-6 |
| 040 ## - CATALOGING SOURCE | |
| Transcribing agency | Nust |
| 100 1# - MAIN ENTRY--PERSONAL NAME | |
| Personal name | Weber, Marvin J. |
| 245 00 - TITLE STATEMENT | |
| Title | Handbook of laser wavelengths(EBOOK) |
| Statement of responsibility, etc. | Marvin J. Weber |
| 260 ## - PUBLICATION, DISTRIBUTION, ETC. | |
| Place of publication, distribution, etc. | Boca Raton : |
| Name of publisher, distributor, etc. | CRC Press, |
| Date of publication, distribution, etc. | cop. 1999 |
| 300 ## - PHYSICAL DESCRIPTION | |
| Extent | 767 s. : |
| Other physical details | ill. |
| 440 #4 - SERIES STATEMENT/ADDED ENTRY--TITLE | |
| Title | The CRC Press laser and optical science and technology series, |
| 505 ## - FORMATTED CONTENTS NOTE | |
| Formatted contents note | Part I: Small Devices (Page-19) Part II: Before, Between, And Beyond J2ME(Page-75) Part III: The Java 2 Micro Edition(Page-140) Part IV: Let The Games Begin! (Page-198) Part V: J2ME Extensions(Page-316) Part VI: Micro Racer(Page-364) Part VII: Appendixes (Page-386) |
| 651 ## - SUBJECT ADDED ENTRY--GEOGRAPHIC NAME | |
| Geographic name | EBOOK |
| 856 41 - ELECTRONIC LOCATION AND ACCESS | |
| Uniform Resource Identifier | <a href="http://www.engnetbase.com/pdf/ENGnetBASE/3508/Frontmaterial.pdf">http://www.engnetbase.com/pdf/ENGnetBASE/3508/Frontmaterial.pdf</a> |
| 942 ## - ADDED ENTRY ELEMENTS (KOHA) | |
| Source of classification or shelving scheme | |
| Koha item type | Book |
| Withdrawn status | Lost status | Source of classification or shelving scheme | Damaged status | Not for loan | Collection code | Permanent Location | Current Location | Date acquired | Total Checkouts | Barcode | Date last seen | Price effective from | Koha item type |
|---|---|---|---|---|---|---|---|---|---|---|---|---|---|
| Military College of Signals (MCS) | Military College of Signals (MCS) | 12/12/2016 | MCSEB-548 | 12/08/2016 | 12/12/2016 | Book |
